1984: la novela - Estadísticas

Estadísticas generales
  • Esta prueba ha sido intentada 14 veces
  • La puntuación promedio es 9 de 26
Estadísticas de respuestas
Pista Respuesta % Correcto
Líder del país protagonista Gran Hermano
78%
"La GUERRA es la..." Paz
78%
2+2 = 5
67%
Nombre del protagonista Winston Smith
67%
Ideología del país protagonista (socialismo inglés) Ingsoc
56%
"La LIBERTAD es la..." Esclavitud
44%
País protagonista Oceanía
44%
El crimen de pensar en contra del gobierno Crimental
33%
"La IGNORANCIA es la..." Fuerza
33%
Pareja del protagonista Julia
33%
Lenguaje que busca reemplazar al inglés tradicional Neolengua
33%
Supuesto aliado del protagonista O'Brien
33%
Partido gobernante Partido Interior
33%
Ideología utilizada para manipular a la gente Doblepensar
22%
Líder de la anterior Emmanuel Goldstein
22%
Supuesta organización rebelde La Hermandad
22%
Clase social más baja Los proles
22%
Abreviación del Ministerio de la Paz Minipax
22%
Donde trabaja el protagonista Ministerio de la verdad
22%
Quienes castigan a los que hacen lo anterior Policía del pensamiento
22%
Amigo del protagonista que es desaparecido Syme
22%
Tecnología que observa a todos Telepantallas
22%
Abreviación del Ministerio del Amor Miniluv
11%
Abreviación del Ministerio de la Abundancia Miniplenty
11%
Abreviación del Ministerio de la Verdad Minitrue
11%
Dueño de la tienda donde el protagonista compra su diario Sr. Charrington
11%
No se encontraron pruebas coincidentes
Distribución de puntuación
Porcentaje de gente con cada puntuación
Porcentaje por número respondido
Historial de tus puntuaciones
No has intentado esta prueba.